Butler's lives of the saints : (Record no. 4546)
[ view plain ]
| 000 -LEADER | |
|---|---|
| fixed length control field | 00593nam a22001817a 4500 |
| 003 - CONTROL NUMBER IDENTIFIER | |
| control field | OSt |
| 005 - DATE AND TIME OF LATEST TRANSACTION | |
| control field | 20250930004719.0 |
| 008 - FIXED-LENGTH DATA ELEMENTS--GENERAL INFORMATION | |
| fixed length control field | 250930b |||||||| |||| 00| 0 eng d |
| 040 ## - CATALOGING SOURCE | |
| Original cataloging agency | DWCL-Main lib |
| Transcribing agency | OC |
| 082 ## - DEWEY DECIMAL CLASSIFICATION NUMBER | |
| Classification number | GR. 282.092 B985 1956 |
| 100 ## - MAIN ENTRY--PERSONAL NAME | |
| Personal name | Attwater, D. |
| 245 ## - TITLE STATEMENT | |
| Title | Butler's lives of the saints : |
| Remainder of title | complete edition, vol. IV |
| 260 ## - PUBLICATION, DISTRIBUTION, ETC. | |
| Place of publication, distribution, etc. | Allen, Texas : |
| Name of publisher, distributor, etc. | Christian Classics : |
| Date of publication, distribution, etc. | CS, c1956 |
| 300 ## - PHYSICAL DESCRIPTION | |
| Extent | xix, 707 pages : |
| Dimensions | 23 cm. |
| 504 ## - BIBLIOGRAPHY, ETC. NOTE | |
| Bibliography, etc. note | Includes index |
| 700 ## - ADDED ENTRY--PERSONAL NAME | |
| Personal name | Herbert J. Thurston |
| 942 ## - ADDED ENTRY ELEMENTS (KOHA) | |
| Source of classification or shelving scheme | Dewey Decimal Classification |
| Koha item type | General Reference |
| Classification part | GR. 282.092 B985 1956 |
| Call number prefix | GR. |
| Suppress in OPAC | No |
| 952 ## - LOCATION AND ITEM INFORMATION (KOHA) | |
| -- | |
| Withdrawn status | Lost status | Source of classification or shelving scheme | Damaged status | Not for loan | Home library | Current library | Shelving location | Date acquired | Source of acquisition | Total Checkouts | Full call number | Barcode | Date last seen | Copy number | Price effective from | Koha item type | Uniform Resource Identifier |
|---|---|---|---|---|---|---|---|---|---|---|---|---|---|---|---|---|---|
| Dewey Decimal Classification | College Library | College Library | General Reference | 12/19/2005 | School Fund | GR. 282.092 B985 1956 | 42625 | 09/30/2025 | c1 | 09/30/2025 | GR |